Teams in the 2022 IIHF World Championship - Statistics

General Stats
  • This quiz has been taken 58 times
  • The average score is 14 of 16
Answer Stats
Group Nation % Correct
Group A Canada
98%
Group B Sweden
98%
Group B United States
98%
Group B Finland
96%
Group A Slovakia
91%
Group B Czechia
89%
Group B Norway
89%
Group A France
87%
Group A Italy
84%
Group A Denmark
82%
Group A Germany
82%
Group A Switzerland
82%
Group B Great Britain
80%
Group B Latvia
80%
Group B Austria
73%
Group A Kazakhstan
67%
No matching quizzes found
Score Distribution
Percent of People with Each Score
Percentile by Number Answered
Your Score History
You have not taken this quiz